Biblioteca

Líderes en crecimiento (Registro nro. 63902)

Detalles MARC
000 -LÍDER
Campo fijo de descripción fija 01659nam a22003617a 4500
001 - NÚMERO DE CONTROL
Campo de control 768714001
003 - IDENTIFICADOR DEL NÚMERO DE CONTROL
Campo de control CO-MdFUSB
005 - FECHA Y HORA DE LA ULTIMA TRANSACCIÓN
control field 20251002163255.0
008 - ELEMENTOS DE LONGITUD FIJA -- INFORMACIÓN GENERAL
Campo fijo de descripción fija -- Información general 170623t2015 pe a|||g |||| 00| 0 spa d
040 ## - FUENTE DE CATALOGACIÓN
Agencia de catalogación original CO-MdFUSB
Idioma de catalogación spa
Agencia que realiza la transcripción CO-MdFUSB
Agencia que realiza la modificación CO-MdFUSBC
Convenciones de la descripción rda
041 ## - CÓDIGO DE IDIOMA
Código de idioma para texto/pista de sonido o título separado spa
082 ## - NÚMERO DE CLASIFICACIÓN DECIMAL DEWEY
Número de la edición del Dewey 24
Número de clasificación 248
Clave de autor-Numero de item L419l
100 ## - ASIENTO PRINCIPAL--NOMBRE PERSONAL
Nombre personal Lawrence, James
Término relacionador autor
242 ## - TRADUCCIÓN DEL TÍTULO POR AGENCIA CATALOGADORA
Título Growing Leaders: Reflections on Leadership, life and Jesus the Bible Reading Fellowship
Idioma del título original español
245 ## - TÍTULO
Título del Material Líderes en crecimiento
Parte restante del título - Subtitulo : reflexiones sobre el liderazgo, la vida y Jesús
Mención de responsabilidad, etc. / James Lawrence ; traducido por Adriana Powell
264 #1 - PRODUCCIÓN, PUBLICACIÓN, DISTRIBUCIÓN, MANUFACTURA, Y COPYRIGHT
Lugar de producción, publicación, distribución, manufactura Perú :
Nombre del productor, publicador, distribuidor Centro de Investigaciones y Publicaciones (CENIP) ,
-- Puma,
Fecha de producción, publicación, distribución, manufactura, o copyright [2015]
264 #4 - PRODUCCIÓN, PUBLICACIÓN, DISTRIBUCIÓN, MANUFACTURA, Y COPYRIGHT
Fecha de producción, publicación, distribución, manufactura, o copyright ©2015
300 ## - DESCRIPCIÓN FÍSICA
Extensión 319 páginas
Otros detalles físicos : ilustraciones a blanco y negro
Dimensiones ; 22 cm.
336 ## - TIPO DE CONTENIDO
Fuente rdacontent
Término de tipo de contenido
Código de tipo de contenido
337 ## - TIPO DE MEDIO
Fuente rdamedia
Nombre del tipo de medio
Código del tipo de medio
338 ## - TIPO DE SOPORTE
Fuente rdacarrier
Nombre del tipo de soporte
Código Tipo de soporte
504 ## - NOTA DE BIBLIOGRAFÍA, ETC.
Nota de bibliografía, etc Incluye bibliografía, [páginas 293-295]
505 ## - NOTA DE CONTENIDO
Nota de contenido con formato preestablecido El liderazgo hoy -- Los líderes en crecimiento saben que fueron elegidos -- Los líderes en crecimiento disciernen el llamado de Dios -- Los líderes en crecimiento desarrollan un carácter como el de Cristo -- Los líderes en crecimiento cultivan su capacidad -- Los líderes en crecimiento lideran en comunidad.
534 ## - NOTA DE VERSION ORIGINAL
Publicación, distribución, etc. del original Growing Leaders: Reflections on Leadership, life and Jesus the Bible Reading Fellowship
Frase introductoria Título original en inglés
563 ## - NOTA DE ENCUADERNACIÓN
Nota de encuadernación Rústico
650 #0 - ASIENTO SECUNDARIO DE MATERIA - TERMINO TEMÁTICO
Término temático o nombre geográfico como elemento de entrada Teología práctica
9 (RLIN) 180
650 #0 - ASIENTO SECUNDARIO DE MATERIA - TERMINO TEMÁTICO
9 (RLIN) 19
Término temático o nombre geográfico como elemento de entrada Vida cristiana
650 #7 - ASIENTO SECUNDARIO DE MATERIA - TERMINO TEMÁTICO
9 (RLIN) 87
Término temático o nombre geográfico como elemento de entrada Dirección espiritual
653 ## - TÉRMINO DE INDIZACIÓN - NO CONTROLADO
Término no controlado Liderazgo cristiano
720 ## - ASIENTO SECUNDARIO - NOMBRE NO CONTROLADO
Nombre Powell, Adriana
Término de relación traductor
942 ## - TIPO DE MATERIAL (KOHA)
Tipo de Item KOHA Libros General
945 ## - INFORMACIÓN LOCAL DEL REGISTRO
Catalogador JTF-925
Existencias
Estado de Material Estado de Perdido Forma de Clasificación Estado de Dañado No para Préstamo Colección Biblioteca de Origen Biblioteca Permanente Fecha de Adquisición Forma de Adquisición Total de Préstamos Signatura Topográfica Código de Barras Última vez visto Última vez Préstado Ejemplar/Existencia Fecha de Remplazo Tipo de Material Área
    Dewey Decimal Classification     Colección General Biblioteca FUSBC Biblioteca FUSBC 23/06/2017 Compra 5 G 248 L419l 21960 24/09/2025 18/09/2025 Ej. 1 23/06/2017 Libros General  
    Dewey Decimal Classification     Colección General Biblioteca FUSBC Biblioteca FUSBC 02/10/2025     G 248 L419l 23856 02/10/2025   Ej. 2 23/06/2017 Libros General VIDA CRISTIANA

Biblioteca FUSBC | Teléfono: (57+4) 349 88 10 Ext. 141| WhatsApp (+57) 3005338115 
E-mail: biblioteca@unisbc.edu.co | Calle 76 87-14 Robledo Palenque, Medellín, Colombia

Con tecnología Koha